000 00631nam a22001937a 4500
005 20240117180003.0
008 231016b |||||||| |||| 00| 0 eng d
020 _a9783319723013 (pbk.) :
082 _a616.31
_bFAR-C
100 _aFarah,Camile S
245 _aContemporary Oral Medicine :
_b a comprehensive approach to clinical practice-2 /
_cCamile S Farah, Ramesh Balasubramaniam, Michel J.Mccullough.
260 _aSwitzerland:
_bSpringer,
_c2019.
300 _a1639 p:
_bill,
_c27 cm.
490 _vVol-2
500 _aIllustration Given.
650 _aDentistry/Medical
700 _aRamesh Balasubramaniam
999 _c33933
_d33933